01827nam a22004577a 4500003000400000005001700004008004100021040002200062082001700084100005300101245006600154260006400220300001900284366000800303490003700311505001300348505005700361505005100418505001700469505008100486505006000567505004400627505005000671505002300721505005000744505002800794505004400822505002300866505001300889505002300902505003500925650004100960650005001001650004301051650004801094650004301142650004401185650004801229650004701277651004501324OSt20230322125417.0221006b |||||||| |||| 00| 0 eng d cBiblioteca Lado V a701.1bS744a aSrendni de Birbragher, Celiaeeditoraedirectora aArtNexus/bEl nexo entre America Latina y el resto del mundo/ bAsociación de Revistas Culturalesc1999aU.S.A.aColombia c21x28cma142p. eesp a31aEnero-Marzov1999x0121 5639 tNoticias tUna reticencia insidiosa: esculturas de Jose Resende tManglano-Ovalle: la poética de la tolerancia tTucuman Arde tLo interior es lo exterior: el carácter precario en la obra de Lygia Clark tXXIV Bienal de Sao Paulo, una propuesta antropofagica  tEl Caribe: una identidad de diferencias tI Bienal de Pintura del Istmo Centroamericano tLa Fe de Rodchenko tAmnesia: Arte Contemporáneo de Sur America  tExpoarte Guadalajara'98 tPrimer Plano: Lygia Pape y Ernesto Neto tCronica colectiva  tCronicas tLibros y Catalogos tGuía de Galerías y Museos  2Tesauro de Arte & ArquitecturaaARTE 2Tesauro de Arte & ArquitecturaaEXPOSICIONES  2Tesauro de Arte & ArquitecturaaBIENAL 2Tesauro de Arte & ArquitecturaaAPRECIACION 2Tesauro de Arte & ArquitecturaaTEORIA 2Tesauro de Arte & ArquitecturaaCRITICA 2Tesauro de Arte & ArquitecturaaFOTOGRAFIA  2Tesauro de Arte & ArquitecturaaLITERATURA 2Tesauro de Arte & ArquitecturaaCOLOMBIA